Cosa avrebbe detto Bruno Buozzi. (Record no. 2310)

MARC details
000 -LEADER
fixed length control field 00802cam a22002411 4500
001 - CONTROL NUMBER
control field af 47003745
003 - CONTROL NUMBER IDENTIFIER
control field DLC
005 - DATE AND TIME OF LATEST TRANSACTION
control field 20260227110821.0
008 - FIXED-LENGTH DATA ELEMENTS--GENERAL INFORMATION
fixed length control field 911113s1944 it 000 0 ita c
010 ## - LIBRARY OF CONGRESS CONTROL NUMBER
LC control number af 47003745
035 ## - SYSTEM CONTROL NUMBER
System control number (OCoLC)24776938
040 ## - CATALOGING SOURCE
Original cataloging agency Harvard univ. Library
Transcribing agency CU
Modifying agency CU
-- DLC
042 ## - AUTHENTICATION CODE
Authentication code premarc
050 00 - LIBRARY OF CONGRESS CALL NUMBER
Classification number DG575.B8
Item number N4
100 1# - MAIN ENTRY--PERSONAL NAME
Personal name Nenni, Pietro,
Dates associated with a name 1891-1980.
245 10 - TITLE STATEMENT
Title Cosa avrebbe detto Bruno Buozzi.
Statement of responsibility, etc. (Discorso tenuto da Pietro Nenni ... al Teatro Adriano di Roma il 4 luglio 1944 ...)
260 ## - PUBLICATION, DISTRIBUTION, ETC.
Place of publication, distribution, etc. [Roma,
Name of publisher, distributor, etc. Casa editrice "Avanti!"
Date of publication, distribution, etc. 1944?]
300 ## - PHYSICAL DESCRIPTION
Extent 15, [1] p.
Dimensions 19 cm.
440 #0 - SERIES STATEMENT/ADDED ENTRY--TITLE
Title Biblioteca di propaganda socialista,
Volume/sequential designation n. 1
500 ## - GENERAL NOTE
General note Portrait on p. [2] of cover.
500 ## - GENERAL NOTE
General note Text on p. [2]-[3] of cover.
600 10 - SUBJECT ADDED ENTRY--PERSONAL NAME
Personal name Buozzi, Bruno,
Dates associated with a name 1881-1944.

No items available.

Powered by Koha